01419nam a22003497a 4500003000500000005001700005008004100022010001000063011001000073035001000083040000900093090001000102100003400112245008500146260004000231300001100271500002200282502006800304590003700372590004100409590004200450650004600492901000700538942000900545949003600554949004100590949004100631999001700672952012600689952012600815952012800941CHAP20220329135952.0971013s1971 r 00010 d a44889 a45861 a50001 cCHAP aTesis00aUriza Salgado, Jorge.9116966 aImportancia de la normalización de la calidad de la miel de abejas en México aChapingo, Méx. :bEl autor,c1971 a184 h. a1c. en microficha aTesis (Ing. Agr. Esp. en Suelos) -- ENA. Departamento de Suelos aALEPHb10c20130110lUCH01h1314 aBATCH-UPDb10c20130110lUCH01h2117 aCONVERSIONb10c20130109lUCH01h132514aMiel de abejasxNormas de calidad.975568 aBK cFOLL bBCcTESd-112558eTS1i50001si bBCcTESd-112561eTS2fc.2i50001si bBCcTESd-112562eTS2fc.3i50001si c44889d44889 00102local4053708TESISaBCbBCcPA_TESISd2012-12-17fTESISl0p-112561r2019-12-31 00:00:00tc.2w2019-12-31yTESIS 00102local4053708TESISaBCbBCcPA_TESISd2012-12-17fTESISl0p-112562r2019-12-31 00:00:00tc.3w2019-12-31yTESIS 00102local4051718TESISaBCbBCcPA_TESISd2012-12-17fTESISl0oTesisp-112558r2019-12-31 00:00:00w2019-12-31yTESIS